Premier League Eras: 2010-2014 Manchester Ping Pong - Statistics

General Stats
  • This quiz has been taken 23 times
  • The average score is 14 of 17
Answer Stats
Hint Answer % Correct
2011/12 Manchester City
100%
2013/14 Manchester City
100%
Title winners 2010/11 Manchester United
100%
2012/13 Manchester United
100%
Despite winning the title in 2010/11, United had surprisingly poor away form, winning how many on the road? 5
95%
Alex Ferguson retired at the end of the 2012/13 season after winning 13 Premier League titles but how many years had he served at Man United? 26
91%
Manchester City won the 2011/12 Premier League title on goal difference on the final day, but how many better was their goal difference than Man United’s? 8
86%
Which midfielder was Man City’s top scorer in the league in 2013/14 Yaya Toure
86%
Who Slipped over against Chelsea to essentially hand City the title in 2013/14? Steven Gerrard
82%
2010/11 Dimitar Berbatov
77%
2011/12 Robin Van Persie
77%
2012/13 Robin Van Persie
77%
On 1 February 2011, United equalled the club record league unbeaten run of how many games? 29
68%
Golden Boot Winners 2010/11 Carlos Tevez
68%
Who did United draw 5-5 with on the final day of the 2012/13 season? West Brom
68%
2013/14 Luis Suarez
55%
On the 13th May 2012 one of the greatest footballing moments of all time occured with Sergio Aguero scoring a late winner to grab 3 points and win the league on goal difference but at what minute of the game was Aguero’s goal? 90+4
32%
No matching quizzes found
Score Distribution
Percent of People with Each Score
Percentile by Number Answered
Your Score History
You have not taken this quiz